Modificación de conducta en el aula e integración escolar

Guardat en:
Dades bibliogràfiques
Autor principal: Cidad Maestro, Emilio (Autor)
Format: Llibre
Idioma:espanyol
Publicat: Madrid Universidad Nacional de Educación a Distancia 1988
Col·lecció:Cuadernos de la Uned, 9
Matèries:
Etiquetes: Afegir etiqueta
Sense etiquetes, Sigues el primer a etiquetar aquest registre!

MARC

LEADER 00000nam a2200000 a 4500
001 UCW7091
003 CL-VaPUC
008 920902e19880000SP |||||||||||||||||spa|d
082 0 4 |a 370.15  |b CID  |2 21 
100 0 |a Cidad Maestro, Emilio  |e author  |9 312215 
245 1 0 |a Modificación de conducta en el aula e integración escolar 
300 |a 256 p 
942 |c BK 
945 |d 19920902 00:00:00 
260 |a Madrid  |b Universidad Nacional de Educación a Distancia  |c 1988 
650 0 |a Psicología educacional   |9 307830 
650 0 |a Psicología del aprendizaje  |9 306854 
583 |a last modification  |c 19920902 00:00:00  |k Rodrigo Vera 
490 0 |a Cuadernos de la Uned, 9 
999 |c 219969  |d 219967 
952 |0 0  |1 0  |4 0  |6 370_150000000000000_CID_1988  |7 0  |8 A  |9 211566  |a BIBEDU  |b BIBEDU  |d 2019-11-15  |i 2797526  |o 370.15 CID 1988  |p 2797526  |r 2019-11-15  |w 2019-11-15  |y BK  |k EDU